000 00429nam a2200169Ia 4500
003 LK-CoDNM
008 010623t1921 xxu||||| |||| 00| 1 sin d
040 _aLK-CoDNM
_dLK-CoDNM
_eLK-CoDNM
041 _asin
080 _a104 C 9
100 _aBadra Thero
_eed.
245 _aඑළු සඳෙස් ලකුණ
246 _aElu Sandes Lakuna
260 _bSeivya Sri
_aMaradana
_c1921
300 _b42p, 21 cm
942 _cBK
999 _c90616
_d90616